BIBLIOTHÈQUE DE LA MAISON DU MEXIQUE

Logo 1 Logo 2

La guerra entre el Perú y Chile (notice nᵒ 10788)

détails MARC
000 -Sello discográfico
campo de control de longitud fija 01111nam a2200349 4500
005 - Identificación de versión
campo de control 20251016085015.0
035 ## - Otros números de control del sistema
Número de control del sistema 10787
099 ## - fechas locales
Tipo de ítem Koha LIBRO
100 ## - Datos de procesamiento general
Datos de procesamiento general 20040218d1924 m y1spay5003 ba
105 ## - Campo de datos codificados: Material textual, monográfico
Datos codificados de monografía a 001zy
200 1# - Título y mención de responsabilidad
Título propio La guerra entre el Perú y Chile
Designación general del material texto impreso
Otra información del título 1879-1883 : extracto de las "Memorias de mi vida militar"
Primer mención de responsabilidad Andrés A. Cáceres
Declaración de responsabilidad subsiguiente recopilación Julio C. Guerrero
210 ## - Publicación, distribución, etc.
Lugar de publicación, distribución, etc. Buenos Aires
Nombre del editor, distribuidor, etc. Editora Internacional
Fecha de publicación, distribución, etc. 1924
215 ## - Descripción física
Designación de material específico y extensión del ítem 305 p
Otras características físicas mapas
Dimensiones 23 cm
318 ## - Nota de acción
Acción No se presta a domicilio
345 ## - Nota de información de adquisición
Fuente de adquisición/dirección de la suscripción [OBSOLETO] Intercambio
607 ## - Nombre geográfico utilizado como tema
Elemento de entrada Chile
Subdivisión temática Historia
Subdivisión cronológica Guerra con Perú, 1879-1882
Número Koha 17290
607 ## - Nombre geográfico utilizado como tema
Elemento de entrada Perú
Subdivisión temática Historia
Subdivisión cronológica Guerra con Chile, 1879-1882
Número Koha 17291
676 ## - Clasificación Decimal Dewey
Número R465.8 L864v
700 ## - Nombre personal - Responsabilidad primaria
Elemento de entrada Cáceres Dorregaray
Parte del nombre distinta del elemento de entrada Andrés Avelino
Fechas 1836-1923
Número Koha 17292
702 ## - Nombre personal - Responsabilidad secundaria
Elemento de entrada Guerrero
Parte del nombre distinta del elemento de entrada Julio
Fechas 1862-1937
Número Koha 14242
801 #0 - Fuente de origen
Agencia cm
900 ## -
-- 1/6492
900 ## -
-- 7100418254\180204
942 ## - ELEMENTOS DE ENTRADA SECUNDARIOS (KOHA)
Tipo de ítem Koha Livre

Pas d'exemplaire disponible.